[Event "Lliga Catalana DH"]
[Site "?"]
[Date "2018.02.10"]
[Round "4.8"]
[White "Oliva Valero, Oscar"]
[Black "Sierra Montoya, Miquel"]
[Result "0-1"]
[WhiteElo "2298"]
[BlackElo "2276"]
[PlyCount "88"]
[EventDate "2018.??.??"]
[WhiteTeam "PEC"]
[BlackTeam "SCU"]

1. d4 Nf6 2. Nf3 g6 3. e3 Bg7 4. Be2 O-O 5. O-O c5 6. b3 d6 7. Bb2 Nc6 8. c4
Bf5 9. Nh4 Bd7 10. d5 Nb4 11. a3 Na6 12. f4 e6 13. dxe6 fxe6 14. Nf3 Bc6 15.
Ng5 Qe7 16. Nd2 d5 17. Ra2 h6 18. Nh3 Rad8 19. Qb1 Ne4 20. Nxe4 dxe4 21. Bxg7
Qxg7 22. Nf2 e5 23. Nxe4 exf4 24. exf4 Kh7 25. Bd3 Qd4+ 26. Nf2 Rd6 27. f5 Kg7
28. b4 Bd7 29. Rd1 gxf5 30. Be4 Qe5 31. Bxb7 Nc7 32. Rad2 Rxd2 33. Rxd2 Be6 34.
Rc2 Rb8 35. Bf3 Qd4 36. Qe1 Re8 37. Qc1 cxb4 38. axb4 Na6 39. b5 Nc5 40. g3 Nd3
41. Qf1 Ne5 42. Bg2 Bxc4 43. Qb1 Nd3 44. Rxc4 Qxf2+ 0-1

[Event "Lliga Catalana DH"]
[Site "?"]
[Date "2018.02.10"]
[Round "4.9"]
[White "Sorroche Martin, Jose Maria"]
[Black "Valencia Jimenez, Jose"]
[Result "0-1"]
[WhiteElo "2243"]
[BlackElo "2263"]
[PlyCount "64"]
[EventDate "2018.??.??"]
[WhiteTeam "SCU"]
[BlackTeam "PEC"]

1. d4 g6 2. Nc3 d5 3. Bf4 Nf6 4. e3 Bg7 5. h3 O-O 6. Nf3 c5 7. Be2 Ne4 8. Nxe4
dxe4 9. Ne5 Nc6 10. Nxc6 bxc6 11. c3 cxd4 12. exd4 Qb6 13. Qb3 Qa5 14. O-O e5
15. dxe5 Bxe5 16. Bh6 Re8 17. f4 Rb8 18. Qc4 Qb6+ 19. Kh1 Bh8 20. f5 gxf5 21.
Bh5 Be6 22. Qe2 Qxb2 23. Qe3 Be5 24. Qxa7 Qxc3 25. Rad1 Qg3 26. Kg1 Rb2 27. Rd2
Rxd2 28. Bxd2 Rd8 29. Qa5 Rd5 30. Qa8+ Kg7 31. Bb4 c5 32. Rxf5 Bd4+ 0-1

[Event "Lliga Catalana DH"]
[Site "?"]
[Date "2018.02.10"]
[Round "4.10"]
[White "Garcia Acosta, Roger"]
[Black "Barcelo Tizon, Christian"]
[Result "1-0"]
[WhiteElo "2220"]
[BlackElo "2164"]
[PlyCount "53"]
[EventDate "2018.??.??"]
[WhiteTeam "PEC"]
[BlackTeam "SCU"]

1. e4 c5 2. Nf3 d6 3. d4 cxd4 4. Nxd4 Nf6 5. f3 g6 6. c4 Bg7 7. Be3 Nc6 8. Nc3
O-O 9. Qd2 Bd7 10. Be2 Rc8 11. O-O Ne5 12. b3 a6 13. Rfe1 Ne8 14. Red1 Nc7 15.
Nd5 Ne6 16. Rac1 f5 17. Nb6 Nxd4 18. Bxd4 Rc6 19. c5 Be6 20. f4 dxc5 21. Bxc5
Qxd2 22. Rxd2 Rfc8 23. Nxc8 Rxc8 24. fxe5 Bh6 25. Rdc2 Kf7 26. Kf2 Bxc1 27.
Rxc1 1-0

[Event "Lliga Catalana DH"]
[Site "?"]
[Date "2018.02.10"]
[Round "4.1"]
[White "Canal Oliveras, Joan"]
[Black "Pichot, Alan"]
[Result "1/2-1/2"]
[WhiteElo "2317"]
[BlackElo "2552"]
[PlyCount "79"]
[EventDate "2018.??.??"]
[WhiteTeam "CAT"]
[BlackTeam "MLL"]

1. d4 Nf6 2. Bg5 d5 3. Nd2 c5 4. e3 Qb6 5. dxc5 Qxb2 6. Rb1 Qc3 7. Bb5+ Nc6 8.
Ne2 Qxc5 9. O-O e6 10. c4 Be7 11. Qa4 O-O 12. Nb3 Qd6 13. Rfd1 Bd7 14. cxd5
Nxd5 15. Bf4 Qa3 16. Bg3 Qxa4 17. Bxa4 Rac8 18. Nbd4 b6 19. Bb3 Nxd4 20. Rxd4
Bc6 21. Rbd1 a5 22. a4 Rfd8 23. e4 Nf6 24. Rxd8+ Rxd8 25. Rxd8+ Bxd8 26. f3 Kf8
27. Nd4 Be8 28. Kf2 Be7 29. Ke3 Nd7 30. Bc7 g5 31. Bc4 Bc5 32. Kd3 Ke7 33. Bb5
h5 34. h3 h4 35. e5 f6 36. Nc6+ Kf7 37. Nd8+ Ke7 38. Nc6+ Kf8 39. Nd8 Ke7 40.
Nc6+ 1/2-1/2

[Event "Lliga Catalana DH"]
[Site "?"]
[Date "2018.02.10"]
[Round "4.2"]
[White "Demuth, Adrien"]
[Black "Dalo, Hermes"]
[Result "1-0"]
[WhiteElo "2528"]
[BlackElo "2304"]
[PlyCount "113"]
[EventDate "2018.??.??"]
[WhiteTeam "MLL"]
[BlackTeam "CAT"]

1. Nf3 Nf6 2. c4 g6 3. b3 Bg7 4. Bb2 O-O 5. g3 d6 6. d4 c6 7. Bg2 a5 8. Nc3 Bf5
9. Nh4 Bg4 10. h3 Bd7 11. O-O Ra7 12. e4 b5 13. cxb5 cxb5 14. e5 Ne8 15. Re1 f5
16. f4 b4 17. Ne2 Nc7 18. d5 Nb5 19. Rc1 Na6 20. Nd4 Nxd4 21. Bxd4 Rc7 22. Qd3
Rxc1 23. Rxc1 Qa8 24. Bf1 Nb8 25. exd6 Qxd5 26. Bb6 Qxd3 27. Bxd3 exd6 28. Bxa5
Bd4+ 29. Kf1 Nc6 30. Bc4+ Kg7 31. Bc7 Bc5 32. Rd1 Rf6 33. Nf3 Be6 34. Be2 Bg8
35. Bb5 Na7 36. Ba4 Nc8 37. Nd4 Nb6 38. Bc6 Rf8 39. Nb5 d5 40. Rc1 Be3 41. Re1
Bc5 42. Rc1 Be3 43. Re1 Bc5 44. Ke2 Rf7 45. Rc1 Re7+ 46. Be5+ Rxe5+ 47. fxe5
Be7 48. Rd1 Bd8 49. Rd4 Kf7 50. Bxd5+ Nxd5 51. Rxd5 Be7 52. Nd4 h6 53. Rb5 Bf8
54. Rb7+ Ke8 55. Rb8+ Kf7 56. Nc6 Bc5 57. e6+ 1-0

[Event "Lliga Catalana DH"]
[Site "?"]
[Date "2018.02.10"]
[Round "4.3"]
[White "Ballesteros Collazos, Sergio"]
[Black "Krysa, Leandro"]
[Result "0-1"]
[WhiteElo "2319"]
[BlackElo "2505"]
[PlyCount "56"]
[EventDate "2018.??.??"]
[WhiteTeam "CAT"]
[BlackTeam "MLL"]

1. c4 e5 2. Nc3 Bb4 3. Nd5 Bc5 4. e3 Nf6 5. b4 Nxd5 6. bxc5 Nf6 7. Nf3 Qe7 8.
Bb2 Nc6 9. Qc2 O-O 10. Be2 b6 11. cxb6 axb6 12. O-O d6 13. Ng5 h6 14. Ne4 Bf5
15. Nxf6+ Qxf6 16. Qc3 Qg6 17. f4 Rae8 18. Bf3 Be4 19. d3 Bxf3 20. Rxf3 exf4
21. exf4 f6 22. Re1 Rxe1+ 23. Qxe1 Re8 24. Re3 Rxe3 25. Qxe3 Nb4 26. d4 Qb1+
27. Qc1 Qxa2 28. Ba1 Nd3 0-1

[Event "Lliga Catalana DH"]
[Site "?"]
[Date "2018.02.10"]
[Round "4.4"]
[White "Garriga Cazorla, Pere"]
[Black "Martin Grillo, Ruben"]
[Result "1-0"]
[WhiteElo "2469"]
[BlackElo "2306"]
[PlyCount "73"]
[EventDate "2018.??.??"]
[WhiteTeam "MLL"]
[BlackTeam "CAT"]

1. d4 d5 2. c4 c6 3. Nf3 e6 4. Nc3 dxc4 5. a4 Bb4 6. e3 b5 7. Bd2 a5 8. axb5
Bxc3 9. Bxc3 cxb5 10. b3 Bb7 11. bxc4 b4 12. Bb2 Nf6 13. c5 O-O 14. Bb5 Qd5 15.
O-O Ne4 16. Qe2 Ng5 17. Ne1 e5 18. Bc4 Qc6 19. Qg4 h6 20. h4 Bc8 21. Qh5 Ne4
22. Nd3 Nf6 23. Qxe5 Nbd7 24. Qg3 Qe4 25. Rfe1 Nh5 26. Qh2 Bb7 27. f3 Qg6 28.
d5 Ba6 29. Bxa6 Rxa6 30. e4 f5 31. c6 fxe4 32. fxe4 Ndf6 33. Ne5 Qg3 34. Qxg3
Nxg3 35. Ng6 Re8 36. Bxf6 gxf6 37. d6 1-0

[Event "Lliga Catalana DH"]
[Site "?"]
[Date "2018.02.10"]
[Round "4.5"]
[White "Vera Pons, Felipe"]
[Black "De Moura Santiago, Yago"]
[Result "0-1"]
[WhiteElo "2298"]
[BlackElo "2446"]
[PlyCount "45"]
[EventDate "2018.??.??"]
[WhiteTeam "CAT"]
[BlackTeam "MLL"]

1. e4 d6 2. d4 Nf6 3. Nc3 g6 4. Bg5 Bg7 5. Qd2 h6 6. Bh4 g5 7. Bg3 Nh5 8. O-O-O
e6 9. Be2 Nxg3 10. hxg3 Nc6 11. Qe3 Bd7 12. f4 Qf6 13. e5 dxe5 14. dxe5 Qe7 15.
f5 Nxe5 16. fxe6 Bxe6 17. Nf3 Ng4 18. Qe4 Nf2 19. Bb5+ c6 20. Bxc6+ Kf8 21. Nd5
Qc5 22. Qa4 bxc6 23. b4 0-1

[Event "Lliga Catalana DH"]
[Site "?"]
[Date "2018.02.10"]
[Round "4.6"]
[White "Fernandez Diaz, Cristian"]
[Black "Saez Coma, Alejandro"]
[Result "1-0"]
[WhiteElo "2349"]
[BlackElo "2218"]
[PlyCount "95"]
[EventDate "2018.??.??"]
[WhiteTeam "MLL"]
[BlackTeam "CAT"]

1. d4 Nf6 2. c4 c5 3. d5 Ne4 4. Qc2 Qa5+ 5. Nd2 Nd6 6. e4 g6 7. Ngf3 Bg7 8. Bd3
Na6 9. a3 b5 10. cxb5 Nxb5 11. O-O O-O 12. Nc4 Qc7 13. Re1 d6 14. h3 Bb7 15.
Bd2 Nb8 16. Na5 Nd4 17. Nxd4 Bxd4 18. Bb5 Qb6 19. a4 Ba6 20. Nc4 Qb7 21. Qb3
Bxb5 22. axb5 a6 23. Qa4 Rd8 24. Bc3 Bg7 25. Bxg7 Kxg7 26. Qa5 Rf8 27. Re3 axb5
28. Qxa8 Qxa8 29. Rxa8 bxc4 30. Rc3 Nd7 31. Rxf8 Kxf8 32. Rxc4 f5 33. exf5 Nb6
34. Rh4 Kg7 35. fxg6 hxg6 36. Kf1 Nxd5 37. Ke2 Kf6 38. Ra4 e5 39. Kf3 Kf5 40.
g4+ Ke6 41. h4 Nb6 42. Ra7 Nc4 43. h5 gxh5 44. gxh5 d5 45. h6 e4+ 46. Kg3 Ne5
47. h7 Ng6 48. Ra6+ 1-0

[Event "Lliga Catalana DH"]
[Site "?"]
[Date "2018.02.10"]
[Round "4.7"]
[White "Vigo Allepuz, David"]
[Black "Montilla Carrillo, Esteban"]
[Result "1/2-1/2"]
[WhiteElo "2223"]
[BlackElo "2315"]
[PlyCount "209"]
[EventDate "2018.??.??"]
[WhiteTeam "CAT"]
[BlackTeam "MLL"]

1. d4 Nf6 2. c4 e6 3. Nf3 c5 4. Nc3 cxd4 5. Nxd4 Nc6 6. Nc2 Bc5 7. e4 O-O 8.
Be2 d5 9. cxd5 exd5 10. exd5 Nb4 11. Nxb4 Bxb4 12. Bf3 Re8+ 13. Be3 Ne4 14. O-O
Nxc3 15. bxc3 Bxc3 16. Rc1 Be5 17. Qb3 Bd6 18. Rfd1 b6 19. Bd4 Bd7 20. g3 Qg5
21. Qd3 Rac8 22. Be3 Qf5 23. Qxf5 Bxf5 24. Rc6 Rcd8 25. Rdc1 Be5 26. Kg2 Bd7
27. Rc7 Bxc7 28. Rxc7 Bf5 29. Rxa7 Ra8 30. Rb7 Rxa2 31. Rxb6 h6 32. Bc5 Rc8 33.
Be3 Rc3 34. Bd4 Rd3 35. Rb4 Rad2 36. Bc5 Rc2 37. Bd4 Rcd2 38. Bc5 Bh3+ 39. Kxh3
Rxf3 40. Rb8+ Kh7 41. Rd8 Rf5 42. Be3 Rdxd5 43. Rc8 g5 44. Kg2 Rd7 45. Rc6 Re5
46. h4 Red5 47. hxg5 hxg5 48. Rc4 Kg6 49. Rc6+ R7d6 50. Rc8 Kf5 51. Rg8 f6 52.
Re8 Ra5 53. Rc8 Re6 54. Rc2 Ra4 55. Rc5+ Kg4 56. Rc8 Ra2 57. Rc4+ Kf5 58. Kf1
Raa6 59. Kg2 Re4 60. Rc5+ Re5 61. Rc4 Ra2 62. Kf1 Re4 63. Rc6 Rea4 64. Kg2 Ra6
65. Rc5+ Kg6 66. Rc8 Ra8 67. Rc6 R2a6 68. Rc4 Rd8 69. Rg4 Kh5 70. Rc4 f5 71.
Rc5 Kg6 72. Rc4 Re6 73. Rb4 Rf8 74. Bd4 Rd8 75. Be3 g4 76. Rb1 Red6 77. Rh1 Rd1
78. Rh6+ Kg7 79. Rh5 R8d5 80. Rg5+ Kf6 81. Rh5 Rb5 82. Rh1 Rxh1 83. Kxh1 Ke5
84. Kg2 Ke4 85. Bf4 Kd3 86. Be3 Ke2 87. Bd4 Rb3 88. Be5 Kd3 89. Bf4 Ke4 90. Bg5
Rf3 91. Bd2 Kd3 92. Bb4 f4 93. gxf4 Rxf4 94. Bd6 Rf3 95. Bg3 Ke2 96. Bh4 Rh3
97. Bg3 Rh5 98. Bf4 Rh3 99. Be5 Rf3 100. Bg3 Kd3 101. Bh4 Ke4 102. Bg3 Rb3 103.
Bd6 Rd3 104. Bg3 Kf5 105. Bc7 1/2-1/2

[Event "Lliga Catalana DH"]
[Site "?"]
[Date "2018.02.10"]
[Round "4.8"]
[White "Perales Galindo, Eduard"]
[Black "Morcillo Ferran, Jordi"]
[Result "1-0"]
[WhiteElo "2323"]
[BlackElo "2214"]
[PlyCount "55"]
[EventDate "2018.??.??"]
[WhiteTeam "MLL"]
[BlackTeam "CAT"]

1. e4 c5 2. Nf3 e6 3. d4 cxd4 4. c3 d3 5. Bxd3 d6 6. O-O Qc7 7. c4 Nf6 8. Nc3
a6 9. Bf4 Nbd7 10. Qe2 Ne5 11. Rac1 Nfd7 12. Rfd1 Be7 13. b3 Nxd3 14. Qxd3 Ne5
15. Nxe5 dxe5 16. Be3 Bd7 17. Bb6 Qc8 18. Nb5 axb5 19. cxb5 Bc6 20. a4 O-O 21.
bxc6 bxc6 22. Qd7 Qa6 23. Rxc6 Qe2 24. Qd3 Qa2 25. h3 h6 26. Qc4 Kh7 27. Rd7
Bg5 28. Qc2 1-0

[Event "Lliga Catalana DH"]
[Site "?"]
[Date "2018.02.10"]
[Round "4.9"]
[White "Petit Montes, Marc"]
[Black "Garcia Marin, Guillem"]
[Result "1/2-1/2"]
[WhiteElo "2172"]
[BlackElo "2179"]
[PlyCount "68"]
[EventDate "2018.??.??"]
[WhiteTeam "CAT"]
[BlackTeam "MLL"]

1. b3 d6 2. Bb2 e5 3. e3 Be7 4. d4 exd4 5. Bxd4 Bf6 6. Nf3 Nc6 7. Bb5 Bd7 8.
Bxc6 bxc6 9. Bxf6 Qxf6 10. Qd4 Qxd4 11. exd4 Nf6 12. c4 O-O 13. O-O Rfe8 14.
Nc3 Bg4 15. Rfe1 Bxf3 16. gxf3 Kf8 17. Re3 a6 18. Rae1 h6 19. Kg2 Nh5 20. d5 c5
21. Ne2 Rab8 22. f4 Ra8 23. Kf3 Rab8 24. Ng3 Nxg3 25. fxg3 a5 26. Rxe8+ Rxe8
27. Rxe8+ Kxe8 28. f5 Ke7 29. h4 Kf6 30. Kf4 g6 31. fxg6 fxg6 32. g4 g5+ 33.
hxg5+ hxg5+ 34. Ke4 Kg6 1/2-1/2

[Event "Lliga Catalana DH"]
[Site "?"]
[Date "2018.02.10"]
[Round "4.10"]
[White "Vicente Bessen, Kirian"]
[Black "Rodriguez Vega, Blas"]
[Result "1/2-1/2"]
[WhiteElo "2059"]
[BlackElo "2142"]
[PlyCount "81"]
[EventDate "2018.??.??"]
[WhiteTeam "MLL"]
[BlackTeam "CAT"]

1. d4 f5 2. Nf3 Nf6 3. Bf4 g6 4. e3 Bg7 5. c3 e6 6. Nbd2 O-O 7. a4 a5 8. Be2
Nc6 9. O-O Ne7 10. c4 h6 11. Be5 d6 12. Bxf6 Bxf6 13. Qb3 Nc6 14. Rfd1 Qe7 15.
d5 Nb4 16. Bf1 e5 17. e4 b6 18. Ne1 Bg5 19. Nd3 Bxd2 20. Rxd2 Nxd3 21. Bxd3 f4
22. Be2 Qh4 23. Qd1 Qg5 24. Rd3 Bd7 25. h3 f3 26. Rxf3 Rxf3 27. Bxf3 Bxh3 28.
Qc1 Qxc1+ 29. Rxc1 Bd7 30. b3 Rf8 31. Rc3 Rf4 32. g3 Rf8 33. Be2 Kg7 34. Rf3
Rxf3 35. Bxf3 Kf6 36. Kg2 Kg5 37. Be2 h5 38. f3 h4 39. Bf1 Kh5 40. Be2 Kg5 41.
Bf1 1/2-1/2

[Event "Lliga Catalana DH"]
[Site "?"]
[Date "2018.02.10"]
[Round "4.1"]
[White "Exposito Amaro, Josue"]
[Black "Gozzoli, Yannick"]
[Result "0-1"]
[WhiteElo "2415"]
[BlackElo "2567"]
[PlyCount "52"]
[EventDate "2018.??.??"]
[WhiteTeam "PIP"]
[BlackTeam "FIG"]

1. e4 e5 2. Nf3 Nc6 3. c3 d5 4. Qa4 Bd7 5. exd5 Nd4 6. Qd1 Nxf3+ 7. Qxf3 Bd6 8.
d4 exd4 9. cxd4 Qh4 10. g3 Qxd4 11. Qe3+ Be5 12. Nc3 O-O-O 13. Qxd4 Bxd4 14.
Be3 Bxe3 15. fxe3 Nf6 16. h3 Rhe8 17. Kf2 Bf5 18. Bc4 Ne4+ 19. Nxe4 Bxe4 20.
Rhd1 Re5 21. Rd4 Bxd5 22. Rad1 c6 23. e4 Rxe4 24. Rxe4 Bxe4 25. Rxd8+ Kxd8 26.
Bxf7 Bd5 0-1

[Event "Lliga Catalana DH"]
[Site "?"]
[Date "2018.02.10"]
[Round "4.2"]
[White "Gonzalez Rodriguez, Jorge"]
[Black "Cervello Tost, Ferran"]
[Result "1-0"]
[WhiteElo "2381"]
[BlackElo "2355"]
[PlyCount "121"]
[EventDate "2018.??.??"]
[WhiteTeam "FIG"]
[BlackTeam "PIP"]

1. c4 c6 2. d4 d5 3. e3 e6 4. Nc3 f5 5. f4 Nf6 6. Nf3 Bd6 7. Bd3 O-O 8. O-O Ne4
9. Bd2 Nd7 10. Be1 Ndf6 11. Bh4 Qe8 12. Ne5 Bxe5 13. fxe5 Ng4 14. Qe1 Qh5 15.
Nxe4 dxe4 16. Be2 Qg6 17. Qg3 Nh6 18. Qxg6 hxg6 19. Be7 Re8 20. Bd6 Nf7 21. c5
Bd7 22. b4 b5 23. a4 a6 24. Ra2 Ra7 25. Rfa1 Rea8 26. g4 Nxd6 27. cxd6 Kf7 28.
g5 Ke8 29. h4 Kd8 30. axb5 cxb5 31. Kf2 Bc6 32. Rc2 Rc8 33. h5 gxh5 34. Bxh5
Bd7 35. Rc5 Rxc5 36. dxc5 Kc8 37. Ke2 Kb7 38. Kd2 Kc6 39. Kc3 Kd5 40. Bd1 Kxe5
41. Bb3 Bc6 42. Rh1 Bd5 43. Bxd5 Kxd5 44. Rd1+ Kc6 45. Kd4 a5 46. bxa5 Rxa5 47.
Ke5 Ra8 48. Kxe6 g6 49. d7 Rd8 50. Ke7 Rxd7+ 51. Rxd7 Kxc5 52. Kf6 f4 53. exf4
e3 54. f5 b4 55. fxg6 b3 56. g7 e2 57. g8=Q e1=Q 58. Qc8+ Kb4 59. Qb8+ Ka3 60.
Ra7+ Kb2 61. Qe5+ 1-0

[Event "Lliga Catalana DH"]
[Site "?"]
[Date "2018.02.10"]
[Round "4.3"]
[White "Povill Claros, Xavier"]
[Black "Touzane, Olivier"]
[Result "1-0"]
[WhiteElo "2345"]
[BlackElo "2283"]
[PlyCount "145"]
[EventDate "2016.02.10"]
[WhiteTeam "PIP"]
[BlackTeam "FIG"]

1. d4 Nf6 2. c4 g6 3. Nc3 Bg7 4. e4 d6 5. f3 Nbd7 6. Be3 a6 7. Nge2 c6 8. c5
O-O 9. Qd2 dxc5 10. dxc5 Ne5 11. Nd4 Qa5 12. Nb3 Qc7 13. Be2 Be6 14. Qc2 Nc4
15. Bf2 Bh6 16. Nd1 Ne5 17. O-O Rad8 18. Nd4 Bc8 19. Nc3 Nh5 20. g3 Bh3 21.
Rfd1 Rd7 22. Nb3 Rxd1+ 23. Rxd1 f5 24. Nd4 fxe4 25. Nxe4 Kh8 26. f4 Nf7 27.
Bxh5 gxh5 28. f5 Nd8 29. f6 e5 30. Nf3 Bg4 31. Rd3 Nf7 32. Nd6 Nxd6 33. cxd6
Qd8 34. Qc3 Rxf6 35. Qxe5 Bg7 36. Ng5 Kg8 37. Qc5 Qd7 38. Ne4 Re6 39. Qc4 Be2
40. Ng5 Bxd3 41. Qxe6+ Qxe6 42. Nxe6 Bxb2 43. d7 Bf6 44. Bd4 Be7 45. d8=Q+ Bxd8
46. Nxd8 c5 47. Bxc5 Be4 48. a4 Bd5 49. Kf2 Kg7 50. Ke3 a5 51. Kd4 Bb3 52. Nxb7
h4 53. gxh4 Bxa4 54. Nxa5 Kg6 55. Ke5 Bc2 56. Nc6 Bb1 57. Bf2 Bc2 58. Nd4 Bb1
59. Ne2 Kh5 60. Kf4 Kg6 61. Ng3 Bc2 62. h5+ Kf6 63. Bd4+ Ke6 64. Kg5 Kd5 65.
Bf6 Kc4 66. Nf5 Kd3 67. Ng7 Ke3 68. Ne6 Kf2 69. Nf8 Kg2 70. h4 Kf3 71. Kh6 Kg4
72. Nxh7 Kf5 73. Kg7 1-0

[Event "Lliga Catalana DH"]
[Site "?"]
[Date "2018.02.10"]
[Round "4.4"]
[White "Serra Pages, Jordi"]
[Black "Garcia Ramos, Daniel"]
[Result "0-1"]
[WhiteElo "2338"]
[BlackElo "2336"]
[PlyCount "60"]
[EventDate "2018.??.??"]
[WhiteTeam "FIG"]
[BlackTeam "PIP"]

1. Nf3 g6 2. e4 c5 3. c3 Nf6 4. e5 Nd5 5. d4 cxd4 6. cxd4 Bg7 7. Nc3 Nxc3 8.
bxc3 d6 9. Bb5+ Bd7 10. Qb3 dxe5 11. Nxe5 Bxe5 12. dxe5 Bxb5 13. Qxb5+ Qd7 14.
Qe2 O-O 15. O-O Nc6 16. Bh6 Rfd8 17. Rae1 Qd3 18. Qb2 b6 19. Re3 Qd2 20. Qb1
Rac8 21. e6 f6 22. h4 Ne5 23. h5 Rc4 24. hxg6 hxg6 25. Rh3 Qd5 26. f4 Nd3 27.
Qc2 Qc5+ 28. Kh2 Rxc3 29. Qe2 Qc4 30. Qg4 Ne5 0-1

[Event "Lliga Catalana DH"]
[Site "?"]
[Date "2018.02.10"]
[Round "4.5"]
[White "Perez Garcia, Adria"]
[Black "Baños, Oscar Francisco"]
[Result "1/2-1/2"]
[WhiteElo "2230"]
[BlackElo "2307"]
[PlyCount "48"]
[EventDate "2018.??.??"]
[WhiteTeam "PIP"]
[BlackTeam "FIG"]

1. e4 e6 2. d4 d5 3. exd5 exd5 4. Nf3 Nf6 5. Bd3 Bg4 6. O-O Be7 7. h3 Bh5 8.
Re1 O-O 9. Bf4 Bd6 10. Bxd6 Qxd6 11. c3 Nbd7 12. Nbd2 Rfe8 13. Qc2 c6 14. Bf5
Rad8 15. a4 a5 16. Ng5 Bg6 17. Bxg6 hxg6 18. g3 Nf8 19. Kg2 Rxe1 20. Rxe1 Re8
21. Rxe8 Nxe8 22. Qd1 f6 23. Ngf3 Qe6 24. Qe1 Nd6 1/2-1/2

[Event "Lliga Catalana DH"]
[Site "?"]
[Date "2018.02.10"]
[Round "4.6"]
[White "Pijuan Herranz, Manel"]
[Black "Martinez Lopez, Carlos"]
[Result "1-0"]
[WhiteElo "2307"]
[BlackElo "2174"]
[PlyCount "67"]
[EventDate "2018.??.??"]
[WhiteTeam "FIG"]
[BlackTeam "PIP"]

1. d4 Nf6 2. Nf3 c5 3. c4 e6 4. Nc3 cxd4 5. Nxd4 a6 6. g3 Qc7 7. e4 b6 8. Bg5
Be7 9. Bg2 Bb7 10. O-O d6 11. Rc1 Nbd7 12. Re1 Rc8 13. Nd5 exd5 14. exd5 Kf8
15. Nf5 Bd8 16. Bf4 Ne5 17. Nxd6 Qxd6 18. Bxe5 Qd7 19. b4 h5 20. c5 bxc5 21.
bxc5 Nxd5 22. Bd6+ Kg8 23. Bxd5 Bxd5 24. Qxd5 Qc6 25. Qxc6 Rxc6 26. Re8+ Kh7
27. Rxh8+ Kxh8 28. Kg2 f5 29. Kf3 Kg8 30. Kf4 g6 31. Ke5 Kf7 32. Kd5 Rc8 33.
Rb1 Bc7 34. Rb7 1-0

[Event "Lliga Catalana DH"]
[Site "?"]
[Date "2018.02.10"]
[Round "4.7"]
[White "Garcia Castellote, Daniel"]
[Black "Pinsach Gelabert, Alexandre"]
[Result "1/2-1/2"]
[WhiteElo "2166"]
[BlackElo "2294"]
[PlyCount "29"]
[EventDate "2018.??.??"]
[WhiteTeam "PIP"]
[BlackTeam "FIG"]

1. e4 e5 2. Nf3 Nc6 3. Bb5 a6 4. Ba4 Nf6 5. O-O Nxe4 6. Re1 d5 7. d4 exd4 8.
Nxd4 Bd6 9. Nxc6 Bxh2+ 10. Kxh2 Qh4+ 11. Kg1 Qxf2+ 12. Kh2 Qh4+ 13. Kg1 Qf2+
14. Kh2 Qh4+ 15. Kg1 1/2-1/2

[Event "Lliga Catalana DH"]
[Site "?"]
[Date "2018.02.10"]
[Round "4.8"]
[White "Colls Gelaberto, Emili"]
[Black "Subirachs Mancebo, Guillem"]
[Result "1/2-1/2"]
[WhiteElo "2271"]
[BlackElo "2208"]
[PlyCount "143"]
[EventDate "2018.??.??"]
[WhiteTeam "FIG"]
[BlackTeam "PIP"]

1. Nf3 d5 2. d4 Nf6 3. c4 c6 4. e3 e6 5. Bd3 Nbd7 6. Nc3 dxc4 7. Bxc4 b5 8. Bd3
Bd6 9. e4 e5 10. O-O O-O 11. Bg5 a6 12. a4 b4 13. Nb1 h6 14. Bh4 Qe7 15. Bg3 c5
16. d5 c4 17. Bxc4 Nxe4 18. Re1 Ndc5 19. Nbd2 Bf5 20. Nxe4 Bxe4 21. Qe2 Rfe8
22. Nd2 Bg6 23. Nb3 Nxb3 24. Bxb3 f5 25. Rac1 Bf7 26. f3 Bc5+ 27. Bf2 Bxf2+ 28.
Kxf2 e4 29. fxe4 Qh4+ 30. Kg1 Rxe4 31. Qf2 Qxf2+ 32. Kxf2 Rxe1 33. Rxe1 Kf8 34.
Re5 g6 35. Ke3 Rc8 36. Kd3 Rc1 37. Bc4 Rd1+ 38. Ke3 a5 39. b3 Kg7 40. Ke2 Rd4
41. Re7 Kf6 42. Rd7 f4 43. g3 g5 44. Rd6+ Ke5 45. Ra6 Bh5+ 46. Ke1 Rd1+ 47. Kf2
Rd2+ 48. Kg1 Ke4 49. Rxh6 Bg4 50. gxf4 gxf4 51. h3 Bc8 52. Rh8 Bd7 53. Rh7 Bf5
54. Rh5 Rd1+ 55. Kf2 Rd2+ 56. Kg1 Bd7 57. Rh7 Bc8 58. Rh8 Bb7 59. Rb8 Bxd5 60.
Rd8 Bxc4 61. Rxd2 Bxb3 62. Rd7 Bxa4 63. Ra7 b3 64. h4 Bc6 65. Ra6 Kd5 66. Rxa5+
Kc4 67. Ra1 b2 68. Re1 Kc3 69. h5 Be4 70. Kf2 b1=Q 71. Rxb1 Bxb1 72. Kf3
1/2-1/2

[Event "Lliga Catalana DH"]
[Site "?"]
[Date "2018.02.10"]
[Round "4.9"]
[White "Garcia Castellote, Oscar"]
[Black "Parals Marce, Lluis"]
[Result "1-0"]
[WhiteElo "2204"]
[BlackElo "2213"]
[PlyCount "121"]
[EventDate "2018.??.??"]
[WhiteTeam "PIP"]
[BlackTeam "FIG"]

1. e4 g6 2. d4 Bg7 3. c4 d6 4. Nc3 e5 5. d5 a5 6. Be3 Ne7 7. g4 Na6 8. Bd3 Nc5
9. Bc2 O-O 10. g5 f5 11. gxf6 Rxf6 12. Qd2 Bg4 13. h3 Bh5 14. Nge2 Qd7 15.
O-O-O Raf8 16. Rdg1 Bf3 17. Rh2 Nc8 18. Ng3 Nb6 19. b3 Kh8 20. a4 c6 21. Kb2
Qc7 22. Bd1 Nbd7 23. Bxf3 Rxf3 24. h4 Qb6 25. Qc2 Nf6 26. Nge2 Nh5 27. Ka2 Qb4
28. Rd1 Qb6 29. Rhh1 Qc7 30. Rdg1 Qc8 31. Qd2 R8f6 32. Rd1 cxd5 33. cxd5 Rf7
34. Rc1 b6 35. Nb5 Bf8 36. Ng1 R3f6 37. Nh3 Qg4 38. Ng5 Rb7 39. f3 Qd7 40. Bxc5
dxc5 41. Qc3 Bd6 42. Ne6 Qe7 43. Rcf1 Kg8 44. Rfg1 Rd7 45. Nxd6 Qxd6 46. Rg5
Rdf7 47. Rh3 Nf4 48. Nxf4 Rxf4 49. Qxe5 Qxe5 50. Rxe5 Rxf3 51. Rxf3 Rxf3 52.
Kb2 Rd3 53. Re6 Rd4 54. d6 Kf7 55. Re7+ Kf6 56. e5+ Kf5 57. d7 h6 58. e6 g5 59.
hxg5 hxg5 60. Re8 g4 61. e7 1-0

[Event "Lliga Catalana DH"]
[Site "?"]
[Date "2018.02.10"]
[Round "4.10"]
[White "Pau Plana, Albert"]
[Black "Lopez Forn, Marc"]
[Result "0-1"]
[WhiteElo "2165"]
[BlackElo "2192"]
[PlyCount "66"]
[EventDate "2018.??.??"]
[WhiteTeam "FIG"]
[BlackTeam "PIP"]

1. d4 d6 2. Nf3 Nd7 3. g3 e5 4. c4 Be7 5. Nc3 c6 6. Bg2 Ngf6 7. Qc2 Qc7 8. O-O
h6 9. b3 g5 10. Rd1 Nf8 11. c5 dxc5 12. dxe5 Ng4 13. Bb2 Ng6 14. Ne4 N4xe5 15.
Nxe5 Nxe5 16. f4 gxf4 17. gxf4 Ng4 18. h3 Ne3 19. Qc3 Rg8 20. Qxe3 Kf8 21. Be5
Qb6 22. f5 Bxf5 23. Qxh6+ Ke8 24. Qe3 Be6 25. Nd6+ Bxd6 26. Bxd6 c4 27. Bc5 Qc7
28. Rd6 Rg6 29. Qe5 Qa5 30. Qh8+ Ke7 31. Rd8+ Qxc5+ 32. Qd4 Qxd4+ 33. Rxd4 Rag8
0-1

[Event "Lliga Catalana DH"]
[Site "Badalona"]
[Date "2018.02.10"]
[Round "4.1"]
[White "Fluvia Poyatos, Joan "]
[Black "Vila Gazquez, Xavier"]
[Result "1/2-1/2"]
[WhiteElo "2538"]
[BlackElo "2530"]
[PlyCount "117"]
[EventDate "2018.??.??"]
[WhiteTeam "SJO"]
[BlackTeam "BAB"]

1. Nf3 Nf6 2. g3 d5 3. Bg2 g6 4. O-O Bg7 5. d4 O-O 6. c4 c6 7. Ne5 Nfd7 8. Nxd7
Nxd7 9. cxd5 cxd5 10. Nc3 e6 11. e3 Nf6 12. Bd2 Ne8 13. a4 Nd6 14. Nb5 Nxb5 15.
axb5 Qb6 16. Qb3 Bd7 17. Ra5 a6 18. Rfa1 Rfc8 19. Bf1 Rab8 20. Bb4 Bf8 21. Bxf8
Rxf8 22. Qa2 Rfc8 23. bxa6 bxa6 24. Rxa6 Qxb2 25. Qxb2 Rxb2 26. Ra8 Rxa8 27.
Rxa8+ Kg7 28. Ra5 h5 29. h4 Kf6 30. Kg2 Rb4 31. Be2 Ba4 32. Bd3 Bb3 33. Rb5
Rxb5 34. Bxb5 Bc2 35. Kf1 e5 36. Ke2 exd4 37. exd4 Bb1 38. Ke3 Bc2 39. Kf4 Bb3
40. Ke3 Ke6 41. Kd2 Kf5 42. Kd3 Bd1 43. Bd7+ Kf6 44. Kd2 Bf3 45. Ba4 Be4 46.
Ke3 Ke6 47. Kf4 f6 48. Bb5 Bc2 49. Be2 Bb1 50. f3 Bc2 51. g4 Bb1 52. Bb5 Ke7
53. Bc6 Ba2 54. Ba4 Bc4 55. Ke3 Ba2 56. Bd1 Bb1 57. Kd2 hxg4 58. fxg4 g5 59.
hxg5 1/2-1/2

[Event "Lliga Catalana DH"]
[Site "Badalona"]
[Date "2018.02.10"]
[Round "4.2"]
[White "Rizouk, Aimen"]
[Black "Gallego Alcaraz, Andres Felipe"]
[Result "1-0"]
[WhiteElo "2494"]
[BlackElo "2452"]
[PlyCount "84"]
[EventDate "2018.??.??"]
[WhiteTeam "BAB"]
[BlackTeam "SJO"]

1. e4 e6 2. d4 d5 3. Nd2 Nf6 4. Bd3 c5 5. e5 Nfd7 6. c3 Nc6 7. Ngf3 g6 8. h4 h6
9. O-O g5 10. hxg5 hxg5 11. g4 Be7 12. Re1 Qb6 13. Qa4 Nf8 14. Nf1 cxd4 15.
Nxd4 Bd7 16. Qd1 Nxd4 17. Be3 Qxb2 18. cxd4 Qa3 19. Ng3 Bc6 20. Nh5 Ng6 21. Qe2
Nh4 22. Rab1 Qa5 23. Rec1 a6 24. Kf1 Rc8 25. Rb3 Kd7 26. Qb2 b5 27. Nf6+ Bxf6
28. exf6 Bb7 29. Rd1 Nf3 30. Ke2 Rh3 31. a4 Bc6 32. Qa3 Qd8 33. axb5 axb5 34.
Bxb5 Bxb5+ 35. Rxb5 Qxf6 36. Rb7+ Ke8 37. Rc1 Rxc1 38. Qa8+ Qd8 39. Rb8 Re1+
40. Kd3 Qxb8 41. Qxb8+ Ke7 42. Qb4+ Ke8 1-0